| 000 | 01097naa a22003137a 4500 | ||
|---|---|---|---|
| 001 | BR6010061 | ||
| 003 | BR-BrBNA | ||
| 005 | 20240918173140.0 | ||
| 007 | ta | ||
| 008 | 230509b bl.||||| |||| 00| 0 por d | ||
| 040 |
_aBR-BrBNA _bpor _cBiblioteca Nacional de Agricultura |
||
| 041 | _a(Pt) | ||
| 072 |
_aM30 _b/G514 _bGZ65 |
||
| 090 | _aM30 BR6010061 | ||
| 100 | 1 | _aGuimaraes, J.R.A. | |
| 111 | 1 |
_a1. Congresso Nacional de Pesca _cRio de Janeiro, GB (Brazil) _d4 Nov 1934 |
|
| 245 | 1 | _aConsideracoes sobre a capacidade biogenica das aguas [Rio Tiete; Rio Mogi - Guassu; Sao Paulo; Brasil] | |
| 260 | 3 |
_aRio de Janeiro, GB (Brasil): _c1945. |
|
| 500 | _aPrimeiro Congresso Nacional de Pesca Rio de Janeiro, GB (Brasil): 1945. p. 147-153 (BR6010061-AM)M30 | ||
| 650 | _aLimnologia | ||
| 650 | _aAgua | ||
| 650 | _aFauna | ||
| 650 | _aRio Tiete | ||
| 650 | _aRio Mogi Guacu | ||
| 650 | _aSao Paulo | ||
| 773 | 0 |
_tPrimeiro Congresso Nacional de Pesca _b _wM30 BR6010061 _gRio de Janeiro, GB (Brasil), 1945. p. 147-153 |
|
| 909 |
_a202404 _bLucia _c55 _dLucia Elande |
||
| 942 |
_cAM _2AGRIS |
||
| 999 |
_c303142 _d303142 |
||